000 00658nam a2200253Ia 4500
001 27748
005 20240114001016.0
007 ta
008 060529s1960 g b000 u 465 u
040 _aCotton College Assam
041 _a465
082 _a355.45
_bP 193 P
100 _aPanikkar, K.M. .
245 0 _aProblems of Indian Defence /
_cK.M.Panikkar.
_hTextual Documents
250 _a1st ed. /
260 _aBombay :
_bAsia Publishing House ,
_cC1960.
300 _a138p. ;
_c22cm.
653 _aDefence Problems-India
653 _aG-Economics
942 _2ddc
_cBK
999 _c27730
_d27730